Patrologia Orientalis. (Record no. 183967)

MARC details
000 -LEADER
campo de control de longitud fija 01222nam a2200265 i 4500
001 - NÚMERO DE CONTROL
campo de control 183967
003 - IDENTIFICADOR DE NÚMERO DE CONTROL
campo de control ES-MaACL
005 - FECHA Y HORA DE LA ÚLTIMA TRANSACCIÓN
campo de control 20250807123333.0
008 - DATOS DE LONGITUD FIJA--INFORMACIÓN GENERAL
campo de control de longitud fija 150121s1907 fr |||| | fre d
080 ## - NÚMERO DE LA CLASIFICACIÓN DECIMAL UNIVERSAL
Número de la Clasificación Decimal Universal 276(62)(09)
245 00 - MENCIÓN DEL TÍTULO
Título Patrologia Orientalis.
Número de parte o sección de la obra Tomus primus /
Mención de responsabilidad, etc. [publié par] R. Graffin, F. Nau.
260 ## - PUBLICACIÓN, DISTRIBUCIÓN, ETC.
Lugar de publicación, distribución, etc. Paris :
Nombre del editor, distribuidor, etc. Firmin-Didot et Cie,
Fecha de publicación, distribución, etc. 1907.
300 ## - DESCRIPCIÓN FÍSICA
Extensión 705 p. ;
Dimensiones 28 cm.
505 8# - NOTA DE CONTENIDO CON FORMATO
Nota de contenido con formato Contiene: I. Le livre des mystères du ciel et de la terre / publié et traduit par J. Perruchon avec le concours de I. Guidi - II et IV. History of the patriarchs of the coptic church of Alexandria / publiée et traduit par B. Evetts - III. Le synaxaire arabe jacobite / publié et traduit par René Basset - V. Le synaxaire éthiopien / publié et traduit par I. Guidi
650 ## - PUNTO DE ACCESO ADICIONAL DE MATERIA--TÉRMINO DE MATERIA
Término de materia o nombre geográfico como elemento de entrada Patrística.
9 (RLIN) 15895
650 07 - PUNTO DE ACCESO ADICIONAL DE MATERIA--TÉRMINO DE MATERIA
Término de materia o nombre geográfico como elemento de entrada Literatura cristiana primitiva
Fuente del encabezamiento o término embne
9 (RLIN) 14529
700 1# - ENTRADA AGREGADA--NOMBRE PERSONAL
Nombre de persona Perruchon, Jules.
9 (RLIN) 131052
700 1# - ENTRADA AGREGADA--NOMBRE PERSONAL
Nombre de persona Guidi, Ignazio (
Fechas asociadas al nombre 1844-1935)
9 (RLIN) 156161
700 1# - ENTRADA AGREGADA--NOMBRE PERSONAL
Nombre de persona Evetts, Basil Thomas Alfred.
9 (RLIN) 156162
700 1# - ENTRADA AGREGADA--NOMBRE PERSONAL
Nombre de persona Basset, René.
9 (RLIN) 26315
700 1# - ENTRADA AGREGADA--NOMBRE PERSONAL
Nombre de persona Graffin, René,
Fechas asociadas al nombre 1858-1941
9 (RLIN) 156163
700 1# - ENTRADA AGREGADA--NOMBRE PERSONAL
Nombre de persona Nau, François.
9 (RLIN) 85006
852 ## - LOCALIZACIÓN
Ubicación ES-MaACL
Número de control de estantería G-690
Holdings
Estatus retirado Estado de pérdida Estado de daño No para préstamo Biblioteca de origen Biblioteca actual Ubicación en estantería Fecha de adquisición Fuente de adquisición Total de préstamos Signatura topográfica completa Código de barras Visto por última vez Precio de reemplazo Tipo de ítem Koha
        Biblioteca del Ateneo de Madrid Biblioteca del Ateneo de Madrid Depósito 2 21/01/2015     G-690 1193452 23/02/2023 23/02/2023 Libro impreso